000
00263nam a22001217a 4500
008
171123b xxu||||| |||| 00| 0 eng d
041
_a
eng
080
_a
611
100
_a
6
101
_a
ANA
245
_a
VERTABRATE ADAPTATIONS
_c
NORMAN/K/W
942
_2
udc
_c
BK
999
_c
38333
_d
38333